[Event "4NCL Div 2 2024-25"]
[Site "England ENG"]
[Date "2025.01.25"]
[Round "3.63"]
[White "Babu, Rahul"]
[Black "Verbytski, Oleg"]
[Result "1-0"]
[WhiteTitle "CM"]
[WhiteElo "2166"]
[BlackElo "2077"]
[WhiteTeam "The ADs"]
[BlackTeam "SchachAttack"]
[WhiteFideId "25625136"]
[BlackFideId "495506"]
[EventDate "2024.11.23"]

1. e4 c5 2. Nc3 Nc6 3. Bb5 Nd4 4. Nf3 a6 5. Bd3 g6 6. b4 Nxf3+ 7. Qxf3 cxb4 8.
Nd5 Bg7 9. Rb1 e6 10. Ne3 Ne7 11. Rxb4 Nc6 12. Ba3 Nxb4 13. Bxb4 Qf6 14. Qg3 Qe5
15. f4 Qa1+ 16. Nd1 a5 17. Bd6 Qd4 18. Ba3 Qb6 19. f5 d6 20. Bxd6 Bd7 21. fxg6
hxg6 22. Rf1 Qd8 23. Qf3 f6 24. Ne3 Bc6 25. Qg3 g5 26. e5 Bf8 27. Rxf6 Bxd6 28.
Rxe6+ Be7 29. Nf5 Kd7 30. Rxe7+ Kc8 31. e6 Qb6 32. Nd6+ Kd8 33. Qxg5 Qg1+ 34.
Bf1 1-0

[Event "4NCL Div 2 2024-25"]
[Site "England ENG"]
[Date "2025.01.25"]
[Round "3.64"]
[White "Waller, Dan"]
[Black "Roe, Simon J"]
[Result "1/2-1/2"]
[WhiteElo "2099"]
[BlackElo "2158"]
[WhiteTeam "SchachAttack"]
[BlackTeam "The ADs"]
[WhiteFideId "451053"]
[BlackFideId "401471"]
[EventDate "2024.11.23"]

1. e4 c5 2. Nf3 e6 3. d4 cxd4 4. Nxd4 a6 5. Nc3 Qc7 6. Bd3 Nf6 7. O-O Bc5 8. Nb3
Be7 9. f4 d6 10. Qf3 Nbd7 11. Bd2 b5 12. a3 Bb7 13. Qg3 O-O 14. Qh3 g6 15. Rae1
Rfe8 16. Kh1 Bf8 17. e5 Nd5 18. exd6 Bxd6 19. Qg4 N7f6 20. Qh4 Be7 21. Qh3 Bf8
22. Nd4 Bg7 23. Nde2 Rac8 24. Qh4 Qc6 25. Nd4 Qb6 26. Nf3 Nxc3 27. Bxc3 Rxc3 28.
bxc3 Qc5 29. a4 bxa4 30. Ne5 Qxc3 31. Ra1 Nd5 32. Be4 Qd4 33. Bxd5 Qxd5 34. Qf2
Rc8 35. Rxa4 Qb5 36. Raa1 Be4 37. c4 Qb7 38. Rad1 Bc6 39. Rb1 Qa8 40. Rb6 Be4
41. Rd6 a5 42. Rd7 Rf8 43. Kg1 Qc8 44. Ra7 a4 45. Rxa4 g5 46. Qe3 Bc6 1/2-1/2

[Event "4NCL Div 2 2024-25"]
[Site "England ENG"]
[Date "2025.01.25"]
[Round "3.65"]
[White "Wafa, Shrook"]
[Black "Wilks, Simon"]
[Result "1-0"]
[WhiteTitle "WGM"]
[WhiteElo "2182"]
[BlackElo "2058"]
[WhiteTeam "The ADs"]
[BlackTeam "SchachAttack"]
[WhiteFideId "10609970"]
[BlackFideId "427357"]
[EventDate "2024.11.23"]

1. e4 e6 2. d4 d5 3. Nc3 Nf6 4. Bg5 Bb4 5. Ne2 dxe4 6. a3 Be7 7. Bxf6 gxf6 8.
Nxe4 f5 9. N4c3 c6 10. g3 b6 11. Bg2 Bb7 12. Nf4 Bf6 13. Qh5 O-O 14. O-O-O Nd7
15. h4 Bg7 16. Qe2 Bh6 17. Kb1 Bxf4 18. gxf4 Qc7 19. Rhg1 Kh8 20. Qe3 Rg8 21.
Bf3 Rxg1 22. Rxg1 Rg8 23. Rg5 h6 24. Rg3 Qd8 25. h5 Qc7 26. Ne2 Qd6 27. Nc1 Rxg3
28. fxg3 Nf6 29. Nd3 Kg7 30. Ne5 Nd5 31. Bxd5 Qxd5 32. b3 f6 33. Nd3 Kf7 34. Kb2
Qh1 35. g4 fxg4 36. f5 Qd5 37. fxe6+ Qxe6 38. Qxh6 Qf5 39. Nf4 Qe4 40. Ng6 Qxd4+
41. Ka2 Ba6 42. Qh7+ Ke6 43. Nf8+ Ke5 44. Qe7+ Kf5 45. h6 g3 46. Qg7 Qf2 47.
Qg6+ Ke5 48. h7 g2 49. h8=Q g1=Q 50. Nd7+ Kd4 51. Qhxf6+ Ke3 52. Qc3+ Ke2 53.
Qh5+ Kf1 54. Qd1+ Kg2 55. Qxc6+ Kh2 56. Qh5+ Kg3 57. Qg5+ 1-0

[Event "4NCL Div 2 2024-25"]
[Site "England ENG"]
[Date "2025.01.25"]
[Round "3.66"]
[White "Alizada, Eldar"]
[Black "Snape, Ian L"]
[Result "1/2-1/2"]
[WhiteElo "1997"]
[BlackElo "2098"]
[WhiteTeam "SchachAttack"]
[BlackTeam "The ADs"]
[WhiteFideId "464104"]
[BlackFideId "404489"]
[EventDate "2024.11.23"]

1. d4 c5 2. d5 g6 3. c4 d6 4. Nc3 Bg7 5. e4 Nf6 6. Bd3 O-O 7. h3 e5 8. Nge2 a6
9. O-O Nbd7 10. Be3 h5 11. Qd2 Nh7 12. a3 Qe7 13. b4 b6 14. Na4 f5 15. f3 f4 16.
Bf2 g5 17. Rfb1 g4 18. hxg4 hxg4 19. Kf1 gxf3 20. gxf3 Qg5 21. Ng1 Rf6 22. bxc5
bxc5 23. Nb6 Nxb6 24. Rxb6 Rg6 25. Rab1 Bf8 26. Rb8 Rxb8 27. Rxb8 Bh3+ 28. Ke2
Qh5 29. Ke1 Bg2 30. Be2 Ng5 31. Qd3 Qh2 32. Bf1 Nh7 33. a4 Bxf1 34. Qxf1 Rg2 35.
Ne2 Ng5 36. Bxc5 dxc5 37. d6 Qh3 38. d7 Nxf3+ 39. Qxf3 Qxf3 40. Rxf8+ Kxf8 41.
d8=Q+ Kg7 42. Qe7+ Kg6 43. Qe6+ Kh7 44. Qf5+ Rg6 45. Qf7+ Kh6 46. Qf8+ Kh5 47.
Qh8+ Kg4 48. Qxe5 Rg5 49. Qe6+ Kh4 50. Qh6+ Qh5 51. Qf6 Qf3 52. Qh6+ Qh5 53. Qf6
Qf3 1/2-1/2

[Event "4NCL Div 2 2024-25"]
[Site "England ENG"]
[Date "2025.01.25"]
[Round "3.67"]
[White "Nguyen, Thu Giang"]
[Black "Handley, Michael R"]
[Result "1-0"]
[WhiteTitle "WFM"]
[WhiteElo "2076"]
[BlackElo "1999"]
[WhiteTeam "The ADs"]
[BlackTeam "SchachAttack"]
[WhiteFideId "12400980"]
[BlackFideId "450740"]
[EventDate "2024.11.23"]

1. e4 e6 2. d4 d5 3. Nd2 Nf6 4. e5 Nfd7 5. Bd3 c5 6. c3 Nc6 7. Ne2 cxd4 8. cxd4
f6 9. exf6 Nxf6 10. Nf3 Qc7 11. O-O Bd6 12. Bg5 O-O 13. Qc2 Nb4 14. Qxc7 Bxc7
15. Bb5 Bd7 16. Bxd7 Nxd7 17. Be7 Rxf3 18. gxf3 Nc6 19. Rac1 Bb6 20. Bd6 Rd8 21.
Rfd1 Kf7 22. Kg2 a6 23. Rc3 Ba7 24. Rb3 b5 1-0

[Event "4NCL Div 2 2024-25"]
[Site "England ENG"]
[Date "2025.01.25"]
[Round "3.68"]
[White "Shepherd, Tom"]
[Black "Baltrunas, Evaldas"]
[Result "1/2-1/2"]
[WhiteElo "1937"]
[BlackElo "1975"]
[WhiteTeam "SchachAttack"]
[BlackTeam "The ADs"]
[WhiteFideId "447005"]
[BlackFideId "343427499"]
[EventDate "2024.11.23"]

1. d4 Nf6 2. Nf3 e6 3. c4 d5 4. cxd5 exd5 5. Nc3 c6 6. Qc2 g6 7. Bg5 Be7 8. e3
Bf5 9. Bd3 Bxd3 10. Qxd3 O-O 11. Bxf6 Bxf6 12. h4 Re8 13. h5 Nd7 14. Rd1 Qe7 15.
Kf1 Nb6 16. b3 Nc8 17. g3 Nd6 18. Kg2 Qe6 19. Ne2 Qe4 20. Nf4 Rac8 21. hxg6 hxg6
22. Qxe4 Nxe4 23. Nd3 Kg7 24. Rc1 Rh8 25. Rxh8 Rxh8 26. Nc5 Nxc5 27. Rxc5 Be7
28. Rc2 Kf6 29. Ne5 Ke6 30. Nd3 Bd6 31. b4 Kd7 32. a4 a6 33. Rc1 b6 34. Rb1 Rb8
35. Kf3 Rh8 36. Kg2 Ke6 37. Ra1 Kd7 38. Rb1 Ke6 39. Rc1 1/2-1/2

[Event "4NCL Div 2 2024-25"]
[Site "England ENG"]
[Date "2025.01.26"]
[Round "4.11"]
[White "Khoury, Theo"]
[Black "Rees, Ioan"]
[Result "0-1"]
[WhiteTitle "CM"]
[BlackTitle "FM"]
[WhiteElo "2164"]
[BlackElo "2288"]
[WhiteTeam "Oxford 1"]
[BlackTeam "The Audible Checks"]
[WhiteFideId "480703"]
[BlackFideId "1801236"]
[EventDate "2024.11.23"]

1. e4 e6 2. d4 d5 3. Nc3 Bb4 4. exd5 exd5 5. Bd3 Nf6 6. Ne2 O-O 7. O-O Re8 8. a3
Bf8 9. Bf4 c6 10. Qd2 Ne4 11. Bxe4 dxe4 12. Rad1 Na6 13. Ng3 f5 14. f3 exf3 15.
Rxf3 g6 16. d5 Qf6 17. Bg5 Qg7 18. Nge2 Nc5 19. d6 Bd7 20. Be3 Ne6 21. h4 Nd8
22. h5 Nf7 23. hxg6 hxg6 24. Bf4 Re6 25. Rd3 g5 26. Bh2 Rh6 27. Ng3 Bxd6 28. Nf1
Bc5+ 29. Kh1 Be6 30. Ne2 Re8 31. Nd4 Bc8 32. Re1 Rf8 33. b4 Bb6 34. Kg1 f4 35.
c3 Bf5 36. Rf3 Ne5 37. Rf2 Ng4 38. Rfe2 Bg6 39. Re7 Rf7 40. Re8+ Kh7 41. R1e6
Rd7 0-1

[Event "4NCL Div 2 2024-25"]
[Site "England ENG"]
[Date "2025.01.26"]
[Round "4.12"]
[White "Jones, Steven A"]
[Black "Hobson, Kenneth"]
[Result "0-1"]
[BlackTitle "FM"]
[WhiteElo "2198"]
[BlackElo "2331"]
[WhiteTeam "The Audible Checks"]
[BlackTeam "Oxford 1"]
[WhiteFideId "419630"]
[BlackFideId "480819"]
[EventDate "2024.11.23"]

1. e4 e5 2. Nf3 Nc6 3. c3 d5 4. Qa4 Bd7 5. exd5 Nd4 6. Qd1 Nxf3+ 7. Qxf3 Nf6 8.
Bc4 e4 9. Qe2 Bd6 10. d4 h6 11. h3 Qe7 12. Be3 O-O 13. Nd2 Nh7 14. g4 a5 15. Bb3
Kh8 16. Bc2 f5 17. gxf5 Bxf5 18. Qh5 Rae8 19. O-O-O b5 20. Rde1 Qd7 21. Rhg1 Nf6
22. Qh4 Nxd5 23. Nxe4 Bxe4 24. Bxe4 Nf4 25. Bg6 Re6 26. Bc2 Ref6 27. Bxf4 Bxf4+
28. Kb1 b4 29. cxb4 axb4 30. Re4 Bd6 31. Rg2 Qb5 32. Re1 Qd7 33. Qe4 g5 34. Qd3
Rf3 35. Qg6 Qg7 36. Qh5 Rxf2 37. Rxf2 Rxf2 38. h4 g4 39. Bf5 g3 40. Re6 Rf1+ 41.
Kc2 Bf8 42. Rg6 Qh7 43. Bd3 Rf2+ 44. Kb3 Qf7+ 45. Bc4 Rf3+ 46. Ka4 Qxc4 47.
Rxh6+ Bxh6 48. Qxh6+ Kg8 49. Qg5+ Kf8 50. Qh6+ Ke8 0-1

[Event "4NCL Div 2 2024-25"]
[Site "England ENG"]
[Date "2025.01.26"]
[Round "4.13"]
[White "Zakarian, Dimitrios Levon"]
[Black "Blackburn, Jonathan L B"]
[Result "1/2-1/2"]
[BlackTitle "FM"]
[WhiteElo "2068"]
[BlackElo "2205"]
[WhiteTeam "Oxford 1"]
[BlackTeam "The Audible Checks"]
[WhiteFideId "453080"]
[BlackFideId "1801090"]
[EventDate "2024.11.23"]

1. d4 e6 2. Nf3 b6 3. c4 Bb7 4. a3 f5 5. Nc3 Nf6 6. d5 Na6 7. b4 Bd6 8. e3 c6 9.
Bb2 Qe7 10. Be2 O-O 11. O-O Nc7 12. dxe6 dxe6 13. Nd4 c5 14. bxc5 bxc5 15. Ndb5
Nxb5 16. Nxb5 Rad8 17. Nxd6 Rxd6 18. Bxf6 Rxf6 19. Qb3 Rd2 20. Ra2 Rxa2 21. Qxa2
Rg6 22. g3 Qh4 23. f3 e5 24. Qb1 Rxg3+ 25. hxg3 Qxg3+ 26. Kh1 Qh3+ 1/2-1/2

[Event "4NCL Div 2 2024-25"]
[Site "England ENG"]
[Date "2025.01.26"]
[Round "4.14"]
[White "Saunders, Aron"]
[Black "Manley, Jon P"]
[Result "0-1"]
[WhiteElo "2124"]
[BlackElo "2090"]
[WhiteTeam "The Audible Checks"]
[BlackTeam "Oxford 1"]
[WhiteFideId "469343"]
[BlackFideId "403296"]
[EventDate "2024.11.23"]

1. e4 e5 2. Nf3 Nc6 3. Bc4 Bc5 4. c3 Nf6 5. d3 d6 6. O-O a6 7. a4 Ba7 8. Na3 h6
9. Nc2 O-O 10. Be3 Re8 11. Re1 Be6 12. Bxe6 Rxe6 13. a5 Qd7 14. c4 Rd8 15. Qd2
Bxe3 16. Nxe3 Ne7 17. Nd5 c6 18. Nb6 Qe8 19. Qb4 Ng6 20. Rad1 Re7 21. Qa3 Nf4
22. b4 Ne6 23. Qb2 Nc7 24. Na4 Ne6 25. Rb1 Nc7 26. h3 Re6 27. Nc3 Re7 28. b5
axb5 29. cxb5 Ra8 30. bxc6 bxc6 31. Qa3 Na6 32. Na4 c5 33. Nb6 Raa7 34. Nd2 Nb4
35. Rec1 Rec7 36. Ndc4 Qe6 37. Ne3 Rcb7 38. Rxb4 cxb4 39. Qxb4 Qa2 40. Qxd6 Qxa5
41. Nf5 Qxb6 42. Rc8+ Kh7 43. Rh8+ Kg6 44. Rxh6+ gxh6 45. Qf8 Qb1+ 46. Kh2 Ng4+
47. hxg4 f6 48. Qxh6+ Kf7 49. Qg7+ Ke6 50. Qg8+ Kd7 51. Qd5+ Kc8 52. Qg8+ Kc7
53. Qf7+ Kb6 54. Qxf6+ Ka5 55. Qxe5+ Rb5 56. Qc3+ Ka4 57. Nd4 Rh7+ 58. Kg3 Rbb7
59. Qc4+ Ka5 60. e5 Rhc7 61. Qd5+ Ka4 62. Nf3 Rc2 63. e6 Re2 64. Qc4+ Rb4 65.
Qa6+ Kb3 66. d4 Qc2 67. e7 Rxe7 68. d5 Re2 69. Qa7 Qe4 70. Qg7 Qxd5 0-1

[Event "4NCL Div 2 2024-25"]
[Site "England ENG"]
[Date "2025.01.26"]
[Round "4.15"]
[White "Murawski, Jan"]
[Black "Taylor, William J"]
[Result "1-0"]
[WhiteTitle "CM"]
[WhiteElo "2123"]
[BlackElo "1985"]
[WhiteTeam "Oxford 1"]
[BlackTeam "The Audible Checks"]
[WhiteFideId "21009287"]
[BlackFideId "423130"]
[EventDate "2024.11.23"]

1. d4 d5 2. c4 e6 3. Nc3 Nf6 4. Nf3 a6 5. cxd5 exd5 6. Bg5 Be6 7. e3 Nbd7 8. Bd3
Bd6 9. O-O c6 10. Bf4 Qc7 11. Qd2 O-O 12. Rfc1 Nb6 13. Bg3 Bxg3 14. hxg3 Nc8 15.
Na4 Nd6 16. Qc2 g6 17. Nc5 Bf5 18. Bxf5 Nxf5 19. Ne5 Nd6 20. g4 Nfe4 21. b4 Rfe8
22. a4 f6 23. Nxe4 Nxe4 24. Nd3 Nd6 25. Qc5 Qd7 26. Re1 Rad8 27. f3 Re7 28. Qc3
Rde8 29. Nc5 Qc8 30. Ra2 Kf7 31. Rae2 Rh8 32. e4 dxe4 33. Qb3+ Kg7 34. d5 cxd5
35. Qxd5 Nf7 36. Rxe4 Rxe4 37. Rxe4 b6 38. Re7 bxc5 39. Rxf7+ Kh6 40. Qd2+ g5
41. Rxf6+ Kg7 42. Qxg5# 1-0

[Event "4NCL Div 2 2024-25"]
[Site "England ENG"]
[Date "2025.01.26"]
[Round "4.16"]
[White "Turner, Lewis A"]
[Black "Udovenko, Daniel"]
[Result "0-1"]
[WhiteElo "1995"]
[BlackElo "2090"]
[WhiteTeam "The Audible Checks"]
[BlackTeam "Oxford 1"]
[WhiteFideId "412600"]
[BlackFideId "30957508"]
[EventDate "2024.11.23"]

1. e4 c5 2. Nf3 d6 3. d4 cxd4 4. Nxd4 Nf6 5. Nc3 a6 6. f3 e5 7. Nb3 Be6 8. Be3
Be7 9. Qd2 Nbd7 10. g4 O-O 11. O-O-O b5 12. g5 Nh5 13. Kb1 Nb6 14. Na5 Rc8 15.
Nd5 Nxd5 16. exd5 Bxd5 17. Qxd5 Qxa5 18. c4 Nf4 19. Bxf4 exf4 20. Bd3 g6 21. h4
Rc5 22. Qe4 bxc4 23. Bxc4 Rb8 24. Bb3 Bf8 25. Qxf4 Rf5 26. Qh2 Qe5 27. Qxe5 Rxe5
28. Rc1 Rf5 29. Rc6 a5 30. Ra6 Bg7 31. Rd1 Be5 32. Rd3 Bg3 33. Bd5 Rb5 34. Be4
Rfc5 35. Ra8+ Kg7 36. Rd8 Bxh4 37. f4 Rb4 38. Re8 d5 39. Bxd5 Rxf4 40. a3 Bxg5
41. Ra8 h5 42. Bb3 Rf2 43. Ra7 Bc1 44. Rc3 Rxc3 45. bxc3 Bxa3 46. Rxa5 Rb2+ 0-1

[Event "4NCL Div 2 2024-25"]
[Site "England ENG"]
[Date "2025.01.26"]
[Round "4.17"]
[White "Pozimski, Szymon"]
[Black "Pilley, Jack"]
[Result "0-1"]
[WhiteElo "2008"]
[BlackElo "1975"]
[WhiteTeam "Oxford 1"]
[BlackTeam "The Audible Checks"]
[WhiteFideId "1138855"]
[BlackFideId "343403840"]
[EventDate "2024.11.23"]

1. c4 Nf6 2. Nf3 e6 3. g3 d5 4. d4 Bb4+ 5. Bd2 a5 6. Qc2 O-O 7. Bg2 b6 8. Ne5
Bb7 9. O-O Be7 10. Nc3 Nbd7 11. Nd3 c5 12. dxc5 dxc4 13. Bxb7 cxd3 14. exd3 Rb8
15. c6 Nc5 16. Bf4 Bd6 17. Bxd6 Qxd6 18. Ne4 Nfxe4 19. dxe4 Nxb7 20. cxb7 Rxb7
21. Rfd1 Qe5 22. Rac1 Rbb8 23. Rd7 h6 24. b3 h5 25. Qc7 Qxe4 26. Rxf7 Rfc8 27.
Qf4 Qxf4 28. Rxc8+ Kxf7 0-1

[Event "4NCL Div 2 2024-25"]
[Site "England ENG"]
[Date "2025.01.26"]
[Round "4.18"]
[White "Barwick, Carmel"]
[Black "Hariharan, Shambavi"]
[Result "1/2-1/2"]
[BlackTitle "WCM"]
[WhiteElo "1901"]
[BlackElo "2034"]
[WhiteTeam "The Audible Checks"]
[BlackTeam "Oxford 1"]
[WhiteFideId "442925"]
[BlackFideId "488160"]
[EventDate "2024.11.23"]

1. e4 e5 2. Nf3 Nc6 3. d4 exd4 4. Bc4 Bc5 5. c3 d3 6. Qxd3 d6 7. b4 Bb6 8. Bg5
Nge7 9. O-O Be6 10. Bb5 f6 11. Be3 O-O 12. Bc4 Bxc4 13. Qxc4+ Kh8 14. Nd4 Nxd4
15. Bxd4 d5 16. exd5 Qxd5 17. Qxd5 Nxd5 18. a3 Bxd4 19. cxd4 c6 20. g3 Rad8 21.
Nd2 Nc3 22. Nb3 Ne2+ 23. Kg2 Nxd4 24. Nxd4 Rxd4 25. Rad1 Rfd8 26. Rxd4 Rxd4 27.
Re1 h6 28. Re7 Rd3 29. Rxb7 Rxa3 30. Rc7 Rb3 31. Rxc6 Rxb4 32. Ra6 Rb7 33. Kf3
Kh7 34. h4 h5 35. g4 Rb3+ 36. Kg2 hxg4 37. Rxa7 f5 38. Ra5 g6 39. h5 gxh5 40.
Rxf5 Kg6 41. Ra5 Rf3 42. Rb5 h4 43. Rb6+ Kg5 44. Rb5+ Rf5 45. Rb3 Rd5 46. Ra3
h3+ 47. Kg3 Rd1 48. Ra5+ Kf6 49. Ra6+ Kf5 50. Ra5+ Ke6 51. Ra6+ Kd5 52. Ra5+ Kc6
53. Kh2 Rd5 54. Ra6+ Kc5 55. Rh6 Rg5 56. Kg3 Kd4 57. f3 gxf3+ 58. Kxf3 Ke5 1/2-1/2

[Event "4NCL Div 2 2024-25"]
[Site "England ENG"]
[Date "2025.01.26"]
[Round "4.21"]
[White "Pein, Jonathan"]
[Black "Mestel, A Jonathan"]
[Result "1-0"]
[WhiteTitle "FM"]
[BlackTitle "GM"]
[WhiteElo "2254"]
[BlackElo "2449"]
[WhiteTeam "Celtic Tigers 1"]
[BlackTeam "The ADs"]
[WhiteFideId "417092"]
[BlackFideId "400122"]
[EventDate "2024.11.23"]

1. e4 c6 2. d4 d5 3. exd5 cxd5 4. Bd3 Nc6 5. c3 Nf6 6. Bf4 Bg4 7. Qb3 Qd7 8. Nd2
e6 9. Ngf3 Bd6 10. Bxd6 Qxd6 11. O-O O-O 12. Rae1 Bxf3 13. Nxf3 Qc7 14. Qc2 g6
15. Qe2 Kg7 16. Nh4 Rae8 17. f4 Re7 18. g4 Rfe8 19. Qg2 Kh8 20. Re3 Rg8 21. Rh3
Ne8 22. Kh1 Nd6 23. Qg3 Rg7 24. g5 Nf5 25. Qf2 Nxh4 26. Rxh4 Re8 27. Re1 Ne7 28.
Re3 a6 29. Kg1 Qd7 30. Qe1 Rf8 31. Rh6 Qd8 32. Reh3 Ng8 33. Qe5 f6 34. gxf6 Qxf6
35. Rxg6 Qxe5 36. fxe5 Rff7 37. Rxg7 Rxg7+ 38. Kf2 Ne7 39. Rh6 Rf7+ 40. Ke2 1-0

[Event "4NCL Div 2 2024-25"]
[Site "England ENG"]
[Date "2025.01.26"]
[Round "4.22"]
[White "Richardson, John R"]
[Black "Horton, Jamie A"]
[Result "1/2-1/2"]
[WhiteTitle "FM"]
[WhiteElo "2259"]
[BlackElo "2163"]
[WhiteTeam "The ADs"]
[BlackTeam "Celtic Tigers 1"]
[WhiteFideId "401617"]
[BlackFideId "421472"]
[EventDate "2024.11.23"]

1. d4 d5 2. c4 e6 3. Nc3 a6 4. cxd5 exd5 5. Qb3 c5 6. Nxd5 Be6 7. e4 Nc6 8. Nf3
cxd4 9. Be2 Bb4+ 10. Kf1 Nge7 11. Bg5 Nxd5 12. Bxd8 Ne3+ 13. fxe3 Bxb3 14. Bb6
Bc2 15. Nxd4 Bxe4 16. Bf3 Bxf3 17. gxf3 Nxd4 18. Bxd4 O-O 19. Rc1 Rac8 20. Ke2
f6 21. h3 Kf7 22. a3 Be7 23. Bb6 1/2-1/2

[Event "4NCL Div 2 2024-25"]
[Site "England ENG"]
[Date "2025.01.26"]
[Round "4.23"]
[White "Maciol, Ryszard"]
[Black "Babu, Rahul"]
[Result "1-0"]
[BlackTitle "CM"]
[WhiteElo "2135"]
[BlackElo "2166"]
[WhiteTeam "Celtic Tigers 1"]
[BlackTeam "The ADs"]
[WhiteFideId "1118153"]
[BlackFideId "25625136"]
[EventDate "2024.11.23"]

1. d4 Nf6 2. c4 c6 3. Nc3 d5 4. cxd5 cxd5 5. Bf4 Qb6 6. e3 Qxb2 7. Bb5+ Bd7 8.
Bxd7+ Nbxd7 9. Nge2 a6 10. Rb1 Qa3 11. Rxb7 e6 12. O-O Rc8 13. Bc7 Bb4 14. Qc2
Bxc3 15. Nxc3 O-O 16. Rfb1 Ne8 17. R1b3 Qe7 18. Bg3 Nd6 19. Ra7 Ra8 20. Rc7 Ne8
21. Rc6 Ndf6 22. Na4 Ne4 23. Nb6 Rd8 24. Be5 f6 25. Bf4 e5 26. Bg3 exd4 27. exd4
Nxg3 28. hxg3 Nd6 29. Re3 Qf7 30. Rc7 Qh5 31. g4 Qxg4 32. Rg3 Qxg3 33. fxg3 Nb5
34. Re7 Nxd4 35. Qd3 Nc6 36. Rd7 Ne5 37. Qxd5+ Nf7 38. Qe6 Rxd7 39. Nxd7 Rd8 40.
Nc5 a5 41. Nb7 Rd1+ 42. Kh2 Kf8 43. Qc8+ Ke7 44. Qc5+ Ke8 45. Qxa5 Kf8 46. Qa8+
Ke7 47. Qa3+ Ke6 48. Qa6+ Kf5 49. g4+ Kg5 50. Qe2 Ra1 51. Nc5 Ne5 52. Ne4+ Kg6
53. Nd6 Kg5 54. Qe3+ Kxg4 55. Qd4+ Kh5 56. Qxa1 g5 57. Qd1+ Kh4 58. g3# 1-0

[Event "4NCL Div 2 2024-25"]
[Site "England ENG"]
[Date "2025.01.26"]
[Round "4.24"]
[White "Roe, Simon J"]
[Black "Gallana, Marco"]
[Result "0-1"]
[WhiteElo "2158"]
[BlackElo "2201"]
[WhiteTeam "The ADs"]
[BlackTeam "Celtic Tigers 1"]
[WhiteFideId "401471"]
[BlackFideId "824542"]
[EventDate "2024.11.23"]

1. c4 Nf6 2. Nf3 g6 3. g3 Bg7 4. Bg2 O-O 5. Nc3 d6 6. d4 Nbd7 7. O-O e5 8. e4
exd4 9. Nxd4 Re8 10. h3 Nc5 11. Re1 Bd7 12. Rb1 h6 13. Kh2 a5 14. Ndb5 a4 15. f3
h5 16. Be3 h4 17. g4 Bxb5 18. cxb5 Nfd7 19. Nd5 Ne5 20. b6 cxb6 21. g5 Nc4 22.
Bd4 Qxg5 23. f4 Qg3+ 24. Kh1 Nd3 25. Bg1 Ncxb2 26. Rxb2 Nxe1 27. Bh2 Qa3 28. Re2
Nxg2 29. Kxg2 Rac8 30. Qe1 Qd3 31. Re3 Rc2+ 32. Kh1 Rxe4 0-1

[Event "4NCL Div 2 2024-25"]
[Site "England ENG"]
[Date "2025.01.26"]
[Round "4.25"]
[White "Hoffmann, Hendrik"]
[Black "Wafa, Shrook"]
[Result "0-1"]
[WhiteTitle "FM"]
[BlackTitle "WGM"]
[WhiteElo "2198"]
[BlackElo "2182"]
[WhiteTeam "Celtic Tigers 1"]
[BlackTeam "The ADs"]
[WhiteFideId "4618130"]
[BlackFideId "10609970"]
[EventDate "2024.11.23"]

1. e4 c5 2. c3 g6 3. Nf3 Bg7 4. d4 cxd4 5. cxd4 d6 6. h3 Nf6 7. Nc3 Nc6 8. Be2
d5 9. e5 Ne4 10. O-O O-O 11. Be3 Nxc3 12. bxc3 Na5 13. Qd2 Bd7 14. Bh6 Rc8 15.
Rfe1 Nc4 16. Qf4 e6 17. Nh2 f5 18. exf6 Rxf6 19. Qh4 Bxh6 20. Qxh6 Nd6 21. Ng4
Rf8 22. Rac1 b5 23. Bd3 Qe7 24. Qe3 Qg7 25. Qe5 Qxe5 26. Nxe5 Be8 27. f3 Bf7 28.
Nd7 Rfd8 29. Nc5 Re8 30. Rb1 a6 31. a4 bxa4 32. Bxa6 Rc6 33. Ra1 e5 34. Rxa4
exd4 35. Rxe8+ Bxe8 36. cxd4 Rb6 37. Ra2 Rb4 38. Rd2 Nf5 39. Ne6 Bf7 40. Bc8 h5
41. Kf2 h4 42. Ke2 Ne7 43. Bd7 Bxe6 44. Bxe6+ Kg7 45. Kd3 Kf6 46. Bd7 Rb7 47.
Be8 Rb3+ 48. Kc2 Rb4 49. Bd7 Rb7 50. Be8 Nf5 51. Kd1 Rb4 52. Bc6 Nxd4 53. Ke1
Nxc6 54. Rxd5 Ne5 55. Rd2 Kf5 56. Kf2 Rb2 0-1

[Event "4NCL Div 2 2024-25"]
[Site "England ENG"]
[Date "2025.01.26"]
[Round "4.26"]
[White "Snape, Ian L"]
[Black "Kemp, Peter D"]
[Result "1/2-1/2"]
[WhiteElo "2098"]
[BlackElo "2069"]
[WhiteTeam "The ADs"]
[BlackTeam "Celtic Tigers 1"]
[WhiteFideId "404489"]
[BlackFideId "402222"]
[EventDate "2024.11.23"]

1. d4 f5 2. e4 fxe4 3. Nc3 Nf6 4. Bg5 Nc6 5. d5 Ne5 6. Qe2 Nf7 7. Bxf6 exf6 8.
Nxe4 Be7 9. d6 cxd6 10. Nc3 O-O 11. O-O-O d5 12. Nxd5 Bc5 13. Qh5 d6 14. Bd3 f5
15. f4 g6 16. Qh3 Be6 17. Bc4 Bxd5 18. Bxd5 Qf6 19. Kb1 Rfe8 20. Qb3 Re7 21. Nf3
Kf8 22. Rhe1 Rae8 23. Rxe7 Rxe7 24. Bxb7 Nd8 25. Bd5 Ne6 26. g3 Nd4 27. Nxd4
Qxd4 28. c3 Qe3 29. Qb8+ Re8 30. Qc7 Qe7 31. Qxe7+ Rxe7 32. b4 Bb6 33. Rd2 h5
34. Kc2 h4 35. a4 Be3 36. Rd1 Bf2 37. gxh4 Bxh4 38. Rd2 Re3 39. Kb3 Bf6 40. Rc2
Ke7 41. a5 Kd7 42. b5 Kc7 43. Kb4 Rd3 44. Kc4 Re3 45. Bf7 g5 46. fxg5 Bxg5 47.
Rf2 f4 48. h4 Bh6 49. Rg2 f3 50. Rf2 Bg7 51. Bd5 Bxc3 52. Rxf3 Rxf3 53. Bxf3
Bxa5 54. h5 Bd2 55. Kd5 Kd7 56. Bg4+ Ke7 57. Kc6 Kf6 58. Kxd6 Bf4+ 59. Kd5 1/2-1/2

[Event "4NCL Div 2 2024-25"]
[Site "England ENG"]
[Date "2025.01.26"]
[Round "4.27"]
[White "Franco, Gaston"]
[Black "Nguyen, Thu Giang"]
[Result "1/2-1/2"]
[BlackTitle "WFM"]
[WhiteElo "2061"]
[BlackElo "2076"]
[WhiteTeam "Celtic Tigers 1"]
[BlackTeam "The ADs"]
[WhiteFideId "117722"]
[BlackFideId "12400980"]
[EventDate "2024.11.23"]

1. e4 c6 2. d4 d5 3. exd5 cxd5 4. Bd3 Nc6 5. c3 Qc7 6. Nf3 Bg4 7. O-O e6 8. Nbd2
Bd6 9. h3 Bh5 10. Re1 Nf6 11. Nf1 O-O 12. Bg5 Rac8 13. Bh4 Rfe8 14. Bg3 e5 15.
dxe5 Nxe5 16. Bxe5 Bxe5 17. g4 Bg6 18. Bb5 Re7 19. Ne3 Be4 20. g5 Nh5 21. Nxe5
Rxe5 22. Qxh5 f6 23. f4 Rxg5+ 24. fxg5 Qg3+ 25. Kf1 Bf3 26. Bd7 Bxh5 27. Bxc8
Qf4+ 28. Kg1 Qg3+ 29. Kf1 Qf3+ 30. Kg1 Qg3+ 1/2-1/2